| 000 | 00562nam a22001933a 4500 | ||
|---|---|---|---|
| 005 | 20241012064209.0 | ||
| 008 | 010531s1999 mx r 000 0 spa d | ||
| 020 | _a9706283595 | ||
| 035 | _aUPN01000116433 | ||
| 049 | _aCG | ||
| 050 | 4 |
_aBF724 _bCH3.2 |
|
| 100 | 1 |
_aChapela, Luz María _932682 |
|
| 245 | 1 | 0 |
_aAdolescencia y curso de vida / _ctexto Luz María Chapela. |
| 260 |
_aMéxico : _bCONAPO, _c1999. |
||
| 300 |
_a46, [4] p., [1] h. pleg. : _bil. |
||
| 440 | 0 | _aCuadernos de población | |
| 650 | 4 |
_aPsicología del adolescente _91013 |
|
| 905 | _aLibro | ||
| 999 |
_c89170 _d89170 |
||